Biggest Box Office on Memorial Day Quiz Stats

 Plays Quiz not verified by Sporcle

Challenge
Share
Tweet
Embed
Score 0/12 Timer 04:00
0 Plays Today
Opening Gross Movie Title % Correct
$139,802,190Pirates of the Caribbean: At World's End
85.4%
$122,861,157X-Men: The Last Stand
84.4%
$126,917,373Indiana Jones and the Kingdom of the Crystal Skull
79.6%
$117,036,995Fast & Furious 6
63.9%
$90,161,880The Lost World: Jurassic Park
62.9%
$70,816,215Mission: Impossible II
51.4%
$70,052,004Night at the Museum: Battle of the Smithsonian
43.2%
$103,426,875 The Hangover Part II
40.8%
$75,177,654Pearl Harbor
40.1%
$85,734,045Bruce Almighty
38.4%
$85,807,341The Day After Tomorrow
34.7%
$69,254,717MIB 3
26.2%

You're not logged in!

Compare scores with friends on all Sporcle quizzes.
Join for Free
OR
Log In

You Might Also Like...

Show Comments

Extras

Top Quizzes Today


Score Distribution

Your Account Isn't Verified!

In order to create a playlist on Sporcle, you need to verify the email address you used during registration. Go to your Sporcle Settings to finish the process.

Report this User

Report this user for behavior that violates our Community Guidelines.

Details: